| 000 | 00393nam a2200157Ia 4500 | ||
|---|---|---|---|
| 008 | 151213s9999 xx 000 0 und d | ||
| 100 | _aNoshirvan H. Jhabvala | ||
| 245 |
_aThe Law Of Torts _cNoshirvan H. Jhabvala |
||
| 250 | _a26th | ||
| 260 |
_aMumbai _bC. Jamnadas & Com. _c2010 |
||
| 300 | _a7976 p. | ||
| 650 | _aLaw | ||
| 650 | _aLaw | ||
| 700 | _aNoshirvan H. Jhabvala | ||
| 999 |
_c4056 _d4056 |
||